| 000 | 01451nam0a2200349 4500 | ||
|---|---|---|---|
| 001 | RU\NLR\ONL2\1188 | ||
| 005 | 20250613124141.0 | ||
| 010 |
_a5-295-02948-4 _912800 |
||
| 035 | _a(NLR Aleph) 009648794 | ||
| 090 |
_a9569683 _c9569683 |
||
| 100 | _a20030421d2002 |||y0rusy50 ca | ||
| 101 | 0 | _atat | |
| 102 | _aRU | ||
| 105 | _aa ||||||||| | ||
| 200 | 9 |
_aТатар теле _e2 _eБашкортстаннын дуртьеллык башл. мэкт. очон д-лек _fГафурова Ф.А., Сэлимгэрэева Б.С. |
|
| 210 |
_aУфа _cКитап _d2002 |
||
| 215 |
_a119 б. _cил. _d22 |
||
| 300 | _aНа обл. авт. не указаны. | ||
| 541 | 1 |
_6z01790 _aТатарский язык _eУчеб. для 2 кл. татар. шк. Башкортостана _zrus |
|
| 606 | 0 |
_aТатарский язык _91481084 _3RU\NLR\auth\66630778 |
|
| 686 | 1 | _aШ163.23-922.1[2] | |
| 700 | 1 |
_aГафурова _bФ. А. _gФэнисэ Абдулла кызы _4070 |
|
| 701 | 1 |
_aСэлимгэрэева _bБ. С. _gБэйнэ Салих кызы _4070 |
|
| 790 | 1 |
_6z01 _aГафурова _bФ. А. _gФаниса Абдуллиевна _4070 |
|
| 790 | 1 |
_6z01 _6z01541 _aСалимгареева _bБ. С. _gБайна Салиховна _4070 |
|
| 801 | 0 |
_aRU _bNLR _c20030421 _gPSBO |
|
| 852 |
_aNLR _bОНЛ _jТатар./3-12739 |
||
| 942 | _cBOOK | ||
| 980 | _aNB | ||
| 980 | _aONL_RF | ||